00506nam a2200241Ia 450000500170000000800460001702000140006303700070007704000080008404000080009204000080010004100080010804100080011608400170012408400080014110000220014924500110017124500220018226000140020426000280021826000090024630000090025520260401122210.0008 250103s9999 xx 000 0 eng d a195623916 aTB aEDL beng cEDL 2eng aeng a891.4533 MOH qEDL aMohanty, Gopinath 0aParaja 0cMohanty, Gopinath aNew Delhi bOxford University Press c2004 a373p